Τα εκατόλογα της αγάπης

Αποθηκεύτηκε σε:
Λεπτομέρειες βιβλιογραφικής εγγραφής
Κύριος συγγραφέας: Μαρτίνης, Γιώργος
Μορφή: Βιβλίο
Γλώσσα:Greek
Δημοσίευση: Ρόδος : Ρ.Ο.Δ.Α., 1986.
Θέματα:
Ετικέτες: Προσθήκη ετικέτας
Δεν υπάρχουν, Καταχωρήστε ετικέτα πρώτοι!

MARC

LEADER 00000cam a2200000 i 4500
001 1/86122
008 970331s1986 gr | ||| |||| ||gre||
035 |a 1989  |b 1  |c Δωρεά  |l 10034888 
040 |a GR-MY-UA  |b gre  |e aacr 
041 0 |a gre 
082 7 |a 881.02   |2 (22) 
100 1 |a Μαρτίνης, Γιώργος. 
245 1 3 |a Τα εκατόλογα της αγάπης /   |c Μαρτίνης Γιώργος.  
260 |a Ρόδος :   |b Ρ.Ο.Δ.Α.,   |c 1986.  
300 |a 59 σ. ;   |c 21 εκ.  
650 0 0 |a Greek poetry. 
650 0 0 |a Erotic poetry, Greek. 
852 |a INST  |b RHODES  |e 19970331  |h 881.02 ΜΑΡ  |p 005400010253  |q 005400010253  |t BK  |y 0 
909 |a Ρ  |b 009744 
970 |z 1989/06